000
00319nam a22001457a 4500
008
221115b ||||| |||| 00| 0 eng d
020
_a
9780670020744
041
_a
eng
080
_a
616.8
082
_a
616.8 BOL
100
_a
11.2
101
_a
TRURI
245
_a
MY STROKE OF INSIGHT
_c
BOLTE J
942
_2
udc
_c
BK
999
_c
58901
_d
58901